Eastern Utah Libraries Catalog: Duchesne, Heber, Roosevelt, & Vernal

Empower / (Record no. 210966)

MARC details
000 -LEADER
fixed length control field 01535cam a22003858i 4500
001 - CONTROL NUMBER
control field 18099593
005 - DATE AND TIME OF LATEST TRANSACTION
control field 20170807133614.0
008 - FIXED-LENGTH DATA ELEMENTS--GENERAL INFORMATION
fixed length control field 140402s2014 ilu d 000 1 eng
010 ## - LIBRARY OF CONGRESS CONTROL NUMBER
LC control number 2014004905
020 ## - INTERNATIONAL STANDARD BOOK NUMBER
International Standard Book Number 9781492601777 (pbk.)
020 ## - INTERNATIONAL STANDARD BOOK NUMBER
International Standard Book Number 9781402294600 (hc : alk. paper)
040 ## - CATALOGING SOURCE
Original cataloging agency DLC
Language of cataloging eng
Transcribing agency DLC
042 ## - AUTHENTICATION CODE
Authentication code lcac
-- pcc
050 00 - LIBRARY OF CONGRESS CALL NUMBER
Classification number PZ7.S55845
Item number Emp 2014
082 00 - DEWEY DECIMAL CLASSIFICATION NUMBER
Classification number [Fic]
Edition number 23
092 ## - LOCALLY ASSIGNED DEWEY CALL NUMBER (OCLC)
Classification number YA SHIRVINGTON
100 1# - MAIN ENTRY--PERSONAL NAME
Personal name Shirvington, Jessica.
9 (RLIN) 5707895
245 10 - TITLE STATEMENT
Title Empower /
Statement of responsibility, etc Jessica Shirvington.
263 ## - PROJECTED PUBLICATION DATE
Projected publication date 1405
264 #1 - Publisher, distributor, etc.
Place of production, publication, distribution, manufacture Naperville, Illinois :
Name of producer, publisher, distributor, manufacturer Sourcebooks Fire,
Date of production, publication, distribution, manufacture, or copyright notice 2013
300 ## - PHYSICAL DESCRIPTION
Extent pages cm
336 ## - CONTENT TYPE
Content type term text
337 ## - MEDIA TYPE
Media type term unmediated
338 ## - CARRIER TYPE
Carrier type term volume
500 ## - GENERAL NOTE
General note "Originally published in 2013 in Australia and New Zealand by Lothian Children's Books, an imprint of Hachette Australia"--Copyright page.
500 ## - GENERAL NOTE
General note Sequel to: Endless.
520 ## - SUMMARY, ETC.
Summary, etc It has all come down to this, the final battle between Angels and Exiles, and Violet Eden who is part angel, part human, knows she is the best person to go after Spence, but doing so means facing her past and her soulmate, Lincoln.
650 #1 - SUBJECT ADDED ENTRY--TOPICAL TERM
Topical term or geographic name as entry element Supernatural
Form subdivision Fiction.
9 (RLIN) 5674229
650 #1 - SUBJECT ADDED ENTRY--TOPICAL TERM
Topical term or geographic name as entry element Love
Form subdivision Fiction.
9 (RLIN) 5673905
650 #1 - SUBJECT ADDED ENTRY--TOPICAL TERM
Topical term or geographic name as entry element Angels
Form subdivision Fiction.
9 (RLIN) 5688903
650 #1 - SUBJECT ADDED ENTRY--TOPICAL TERM
Topical term or geographic name as entry element Good and evil
Form subdivision Fiction.
9 (RLIN) 5674230
906 ## - LOCAL DATA ELEMENT F, LDF (RLIN)
a 7
b cbc
c orignew
d 1
e ecip
f 20
g y-gencatlg
942 ## - ADDED ENTRY ELEMENTS (KOHA)
Source of classification or shelving scheme Dewey Decimal Classification
Item type BOOK
Holdings
Withdrawn status Lost status Source of classification or shelving scheme Damaged status Not for loan Collection code Home library Current library Shelving location Date acquired Source of acquisition Cost, normal purchase price Total Checkouts Full call number Barcode Date last seen Date last borrowed Cost, replacement price Price effective from Koha item type
    Dewey Decimal Classification     Young Adult Fiction Wasatch County Library Wasatch County Library Main Floor Teen Area 02/19/2015 RAINBOW BOOKS 16.99 11 YA Shirvington 34301001201146 02/23/2024 03/28/2023 16.99 03/20/2020 BOOK
This project was made possible through a grant from the Institute of Museum and Library Service administered by the Utah State Library Division.

Wasatch County Library

  • 465 East 1200 South, Heber City, Utah 84032
  • Phone 435-654-1511 | Fax 435-654-6456

Hours

  • Monday - Friday 9:30 AM - 8:00 PM
  • Saturday 9:30 AM - 1:30 PM
  • Closed Sundays and Holidays